| 000 | 00401pab a2200145 454500 | ||
|---|---|---|---|
| 008 | 180718b1986 xxu||||| |||| 00| 0 eng d | ||
| 100 | _aSahai, B.M. | ||
| 245 |
_aThe small - scale sector _bNeed for new orientation |
||
| 260 | _c1986 | ||
| 300 | _a13-16 | ||
| 362 | _aMar. | ||
| 650 | _aIndustry, Small - Scale - India | ||
| 773 | _aMonthly Commentary on Indian Economic Conditions | ||
| 909 | _a10740 | ||
| 999 |
_c10740 _d10740 |
||